Photogrammetric Engineering (Record no. 119006)
[ view plain ]
| 000 -LEADER | |
|---|---|
| fixed length control field | 00594cas a22001815a 4500 |
| 001 - CONTROL NUMBER | |
| control field | L138637 |
| 008 - FIXED-LENGTH DATA ELEMENTS--GENERAL INFORMATION | |
| fixed length control field | 070628d19361974xxumr p 0 a0eng u |
| 035 ## - SYSTEM CONTROL NUMBER | |
| System control number | (Sirsi) u138637 |
| 041 0# - LANGUAGE CODE | |
| Language code of text/sound track or separate title | eng |
| 110 2# - MAIN ENTRY--CORPORATE NAME | |
| Corporate name or jurisdiction name as entry element | American Society of Photogrammetry |
| 9 (RLIN) | 3105 |
| 245 00 - TITLE STATEMENT | |
| Title | Photogrammetric Engineering |
| 260 ## - PUBLICATION, DISTRIBUTION, ETC. | |
| Place of publication, distribution, etc. | Washington D.C. |
| Name of publisher, distributor, etc. | American Society for Photogrammetry |
| Date of publication, distribution, etc. | 1936-1974 |
| 362 0# - DATES OF PUBLICATION AND/OR SEQUENTIAL DESIGNATION | |
| Dates of publication and/or sequential designation | 1950-1974 |
| 651 #4 - SUBJECT ADDED ENTRY--GEOGRAPHIC NAME | |
| Geographic name | United States |
| Chronological subdivision | 1959- |
| 690 ## - LOCAL SUBJECT ADDED ENTRY--TOPICAL TERM (OCLC, RLIN) | |
| Topical term or geographic name as entry element | ENVIRONMENTAL AND LAND CONSULTANCY-GEOMATICS-LAND SURVEYING |
| 785 00 - SUCCEEDING ENTRY | |
| Title | Photogrammetric Engineering and Remote Sensing |
| International Standard Serial Number | 0099-1112 |
| 942 ## - ADDED ENTRY ELEMENTS (KOHA) | |
| Suppress in OPAC | 0 |
| Withdrawn status | Lost status | Source of classification or shelving scheme | Damaged status | Not for loan | Home library | Current library | Shelving location | Date acquired | Total Checkouts | Full call number | Barcode | Date last seen | Price effective from | Koha item type |
|---|---|---|---|---|---|---|---|---|---|---|---|---|---|---|
| Dewey Decimal Classification | London | London | Basement | 28/06/2007 | PHOTOGRAMMETRIC ENGINEERING AND REMOTE S | 138637-1001 | 06/08/2019 | 06/08/2019 | Journal |